000 00371nam a2200121 4500
999 _c12460
_d12460
008 190125b ||||| |||| 00| 0 eng d
100 _935121
_aAntonio, Raymund F.
245 _aCongress urged to help boost maritime industry/
_cRaymund F. Antonio
260 _aPhilippines
_bManila Bulletin
_cc2018
300 _apage 3.
650 0 _935122
_aIndustries.
942 _2ddc
_cPER